000
00182 a2200097 4500
020
_a
071009007505
041
_a
eng
100
_a
Leonard, Elmore
245
_a
Cuba libre
942
_c
BK
999
_c
31350
_d
31348